مكتبة جامعة عجلون الوطنية

فهرس بحث المكتبة

عالم الجمال في الفن والعمارة الإسلامية / (Record no. 33767)

MARC details
000 -LEADER
fixed length control field 00642nam a22001817a 4500
003 - CONTROL NUMBER IDENTIFIER
control field JO-AjAnu
005 - DATE AND TIME OF LATEST TRANSACTION
control field 20241019115911.0
008 - FIXED-LENGTH DATA ELEMENTS--GENERAL INFORMATION
fixed length control field 241019b jo ||||| |||| 00| 0 ara d
020 ## - INTERNATIONAL STANDARD BOOK NUMBER
International Standard Book Number 3-80-593-9957-978
040 ## - CATALOGING SOURCE
Transcribing agency JO-AjAnu
041 ## - LANGUAGE CODE
Language code of text/sound track or separate title ARA
100 #1 - MAIN ENTRY--PERSONAL NAME
Personal name الألوسي، صفا لطفي
9 (RLIN) 66335
Relator term مؤلف
245 10 - TITLE STATEMENT
Title عالم الجمال في الفن والعمارة الإسلامية /
Statement of responsibility, etc. صفا لطفي الألوسي
260 ## - PUBLICATION, DISTRIBUTION, ETC.
Place of publication, distribution, etc. عمان :
Name of publisher, distributor, etc. الدار المهجية للنشر والتوزيع،
Date of publication, distribution, etc. 2014
300 ## - PHYSICAL DESCRIPTION
Extent 255 صفحة
650 70 - SUBJECT ADDED ENTRY--TOPICAL TERM
Topical term or geographic name entry element الفنون- العمارة- الاسلام
9 (RLIN) 66337
942 ## - ADDED ENTRY ELEMENTS (KOHA)
Source of classification or shelving scheme Library of Congress Classification
Koha item type Books
Suppress in OPAC No
Holdings
Withdrawn status Lost status Source of classification or shelving scheme Damaged status Not for loan Home library Current library Date acquired Total Checkouts Full call number Barcode Date last seen Price effective from Koha item type
    Library of Congress Classification     مكتبة جامعة عجلون الوطنية مكتبة جامعة عجلون الوطنية 19/10/2024   NA200.A88 2014 A30098 19/10/2024 19/10/2024 Books